Statistical distributions of ore elements in the Recsk ore field, Hungary
Statistical frequency distributions of the Ag, Au, Cu, Fe, Mo, Pb, S, Se and Zn contents measured in 51000 rock samples taken from 194 diamond boreholes exploring a large porphyry copper and polymetallic skam ore deposit-complex were analyzed. The distributions were represented by subsets of their c...
Elmentve itt :
| Szerzők: | |
|---|---|
| Dokumentumtípus: | Cikk |
| Megjelent: |
Department of Mineralogy, Geochemistry and Petrology, University of Szeged
Szeged
2006
|
| Sorozat: | Acta mineralogica-petrographica
47 Acta mineralogica-petrographica : abstract series 47 |
| Kulcsszavak: | Földtan, Ásványtan, Kőzettan |
| Tárgyszavak: | |
| Online Access: | http://acta.bibl.u-szeged.hu/25143 |
| LEADER | 01881nab a2200265 i 4500 | ||
|---|---|---|---|
| 001 | acta25143 | ||
| 005 | 20260212140947.0 | ||
| 008 | 161017s2006 hu o 000 eng d | ||
| 022 | |a 0324-6523, 1589-4835 | ||
| 040 | |a SZTE Egyetemi Kiadványok Repozitórium |b hun | ||
| 041 | |a eng | ||
| 100 | 2 | |a Ó. Kovács Lajos | |
| 245 | 1 | 0 | |a Statistical distributions of ore elements in the Recsk ore field, Hungary |h [elektronikus dokumentum] / |c Ó. Kovács Lajos |
| 260 | |a Department of Mineralogy, Geochemistry and Petrology, University of Szeged |b Szeged |c 2006 | ||
| 300 | |a 1-16 | ||
| 490 | 0 | |a Acta mineralogica-petrographica |v 47 | |
| 490 | 0 | |a Acta mineralogica-petrographica : abstract series |v 47 | |
| 520 | 3 | |a Statistical frequency distributions of the Ag, Au, Cu, Fe, Mo, Pb, S, Se and Zn contents measured in 51000 rock samples taken from 194 diamond boreholes exploring a large porphyry copper and polymetallic skam ore deposit-complex were analyzed. The distributions were represented by subsets of their common, and extreme values. The characteristic values of the ore components were displayed, and compared across units within three types of objects: spatial parts, rock-formations, and depth-zones of the deposit-complex. Among the deposit-parts, distributions of Ag, Cu, Pb, S and Au revealed significant differences. Except for a few units and those only in terms of several components, rock-formations exhibited a limited specialty in comparison. Statistically, values of the measured elements showed a notable vertical zoning. | |
| 650 | 4 | |a Természettudományok | |
| 650 | 4 | |a Föld- és kapcsolódó környezettudományok | |
| 695 | |a Földtan, Ásványtan, Kőzettan | ||
| 700 | 0 | 1 | |a Szebényi Géza |e aut |
| 700 | 0 | 2 | |a P. Kovács Gábor |e aut |
| 700 | 0 | 2 | |a Földessy János |e aut |
| 856 | 4 | 0 | |u http://acta.bibl.u-szeged.hu/25143/1/mineralogica_047_001-016.pdf |z Dokumentum-elérés |